000 002350000a22000970004500
100 1 _aThomas, Geoffrey
245 1 0 _aThe keswick santification theory
300 _aVol. 9, Núm 3 (1991), Páginas 27-32
773 0 _tEvangel
942 _cANA
999 _c54266
_d54266